Пенітенціарна система України (Запис № 346344)
[ простий вигляд ]
| 000 -Лідер | |
|---|---|
| fixed length control field | 00733nam a22002537a 4500 |
| 001 - Контрольний номер | |
| control field | 60442 |
| 003 - Ідентифікатор контрольного номера | |
| control field | UA-OsUOA |
| 005 - Дата та час останнього входження (трансакції) | |
| control field | 20200806184947.0 |
| 007 - Фіксоване поле фізичного опису | |
| fixed length control field | ta |
| 008 - Елементи даних фіксованої довжини – загальна інформація | |
| fixed length control field | 20090520b un ||||| |||| 00| 0 ukr d |
| 020 ## - Міжнародний стандартний книжковий номер (ISBN) | |
| Міжнародний стандартний книжковий номер (ISBN) (НП) | 966232225 |
| 040 ## - Джерело каталогізації | |
| Агенція оригінальної каталогізації | UA-OsUOA |
| Мова каталогізації | ukr |
| Агенція, яка здійснювала перезапис | UA-OsUOA |
| Агенція, яка здійснювала модифікацію | UA-OsUOA |
| 041 ## - Код мови | |
| Код мови тексту/ звукової доріжки чи окремого заголовка (П) | ukr |
| 080 ## - Індекс Універсальної десяткової класифікації | |
| Індекс Універсальної десяткової класифікації (УДК) (НП) | 343.82 |
| 090 ## - Локальний шифр розміщення | |
| Класифікаційний індекс УДК | 343.82 |
| Авторський знак (НП) | П87 |
| 100 ## - Основне введення – ім’я особи | |
| Ім’я особи (НП) | Пташинський О. Б. |
| 245 ## - Відомості про назву | |
| Назва (НП) | Пенітенціарна система України |
| Решта назви (НП) | монографія |
| 260 ## - Публікація, розповсюдження і т.п. (Вихідні дані) | |
| Місце публікації, розповсюдження і т.п. (П) | К. |
| Дата публікації, розповсюдження і т.п. (П) | 2004 |
| 300 ## - Фізичний опис | |
| Обсяг | 204 с. |
| 650 #7 - Додаткове предметне введення – тематичний термін | |
| Тематичний термін чи географічна назва, як елемент введення (НП) | 343 Кримінальне право. Карні порушення |
| Джерело заголовка чи терміна | UDC |
| 942 ## - Додаткові елементи входу (Коха) | |
| Тип елемента Koha | Книги |
| Source of classification or shelving scheme | Universal Decimal Classification |
| 955 ## - Код типу видання за змістом | |
| Код типу видання за змістом (НП) | Наукові видання |
| Стан вилучень | Стан втрат | Джерело класифікації або схеми стелажів | Стан уражень | Не для кредиту | Постійне місце розташування | Поточне розміщення | Дата придбання | Джерело придбання | Вартість, звичайна ціна покупки | Інвентарний номер | Усього замовленно | Повний номер виклику | Штрих-код | Дата останнього перегляду | Дата останньої перевірки | Ціна ефективна від | Тип елемента Koha | Код колекції |
|---|---|---|---|---|---|---|---|---|---|---|---|---|---|---|---|---|---|---|
| Universal Decimal Classification | ЧЗ - Читальна зала | ЧЗ - Читальна зала | 25/04/2007 | 86/2007 | 6.00 | 104432 | 1 | 343.8(477) П87 | 104432 | 09/02/2022 | 21/10/2020 | 25/04/2007 | Книги | |||||
| Universal Decimal Classification | ЧЗ - Читальна зала | ЧЗ - Читальна зала | 20/05/2009 | 83/2009 | 11.00 | 121030 | 343.82 П87 | 121030 | 07/02/2022 | 20/05/2009 | Книги | Колекція Пасічника І.Д. |